| 000 | 00599nam a2200133Ia 4500 | ||
|---|---|---|---|
| 008 | 171212s9999 xx 000 0 und d | ||
| 020 | _a9780833051462 | ||
| 100 | _aLambeth, Benjamin S. | ||
| 245 |
_cLambeth, Benjamin S. _aAir Operations in Israel's War Against Hezbollah _bLearning from Lebanon and Getting It Right in Gaza |
||
| 260 |
_bRAND Corporation _c2011 |
||
| 650 | _aHistory | ||
| 650 | _aLebanon War, 2006 -- Aerial operations, Israeli; Arab-Israeli conflict -- 1993 -- Aerial operations, Israeli; Israel. Hel ha-avir; Hizballah (Lebanon) | ||
| 856 | _uwww.jstor.org/stable/10.7249/mg835af | ||
| 999 |
_c351694 _d351694 |
||